=LDR 00000nam 2200000 4500 =001 INLIS000000000039855 =990 ##$$a 21112007 =990 ##$$a 21112007 =005 20230127021503 =990 ##$$a 21112008 =990 ##$$a 21112008 =035 ##$$a 0010-061300000039855 =990 ##$$a 92894/BPAP-NTB/2014 =990 ##$$a 92894/BPAP-NTB/2014 =008 230127###########################0#ind## =041 ##$$a ind =082 ##$$a 813 =100 ##$$a Barton, beverly =245 1#$$a The last to die : $b dendam cinta masa lalu /$c Beverly barton =260 ##$$a jakarta :$b dastan books,$c 2010 =300 ##$$a 400 hlm ; $c 12,5 x 19 cm =850 ##$$a NBPNMAT =020 ##$$a 978-602-8723-223-0 =084 ##$$a 813 BAR t =990 ##$$a 21112008 =990 ##$$a 21112007 =990 ##$$a 92894/BPAP-NTB/2014